000 00409nam a2200157Ia 4500
003 LK-CoDNM
008 010623t1998 xxu||||| |||| 00| 1 eng d
040 _aLK-CoDNM
_dLK-CoDNM
_eLK-CoDNM
041 _aeng
080 _a8-31
_bABE
100 _aAbeysekara, Tissa
245 _aBringing tony home-a story in three movements
260 _bAuthor
_aRajagiriya
_c1998
300 _b(vii)54, 21 cm
942 _cBK
999 _c118619
_d118619